000 00288nam a22001337a 4500
008 170831b xxu||||| |||| 00| 0 eng d
020 _a9780534579333
041 _aeng
080 _23RD
_a070
100 _a40
101 _aMED
245 _aMEDIA DEBATES
_cDENNIS,E,E
942 _2udc
_cBK
999 _c25688
_d25688